[Event "28th CRO-chT 1A-Men 2019"]
[Site "Mali Losinj"]
[Date "2019.10.03"]
[Round "6.16"]
[White "Plenca, Julijan"]
[Black "Blazeka, Matej"]
[Result "1-0"]
[WhiteElo "2423"]
[BlackElo "2385"]
[Annotator "NA"]
[PlyCount "83"]
[EventDate "2019.09.28"]
[EventType "team-tourn"]
[EventCountry "CRO"]
[SourceTitle "playchess.com"]
[Source "ChessBase"]
[SourceQuality "1"]
[TimeControl "40/5400+30:1800+30"]

1. e4 {[%emt 0:07:30]} e5 {[%emt 0:00:30]} 2. Nf3 {[%emt 0:00:30]} Nf6 {[%emt 0:00:00]} 3. d4 {[%emt 0:01:30]} Nxe4 {[%emt 0:00:00]} 4. Bd3 {[%emt 0:00:30]} d5 {[%emt 0:02:30]} 5. dxe5 {[%emt 0:00:30]} Nc6 {[%emt 0:08:30]} 6. Nbd2 {[%emt 0:04:30]} Nxd2 {[%emt 0:11:30]} 7. Bxd2 {[%emt 0:00:30]} Bg4 {[%emt 0:00:30]} 8. Bb5 {[%emt 0:04:30]} Be7 {[%emt 0:07:30]} 9. h3 {[%emt 0:01:30]} Bh5 {[%emt 0:01:30]} 10. g4 {[%emt 0:01:30]} Bg6 {[%emt 0:00:00]} 11. Nd4 {[%emt 0:01:30]} Qd7 {[%emt 0:02:00]} 12. c3 {[%emt 0:00:30]} O-O {[%emt 0:21:30]} 13. Qa4 {[%emt 0:00:30]} Bc5 {[%emt 0:02:30]} 14. Bxc6 {[%emt 0:02:30]} bxc6 {[%emt 0:00:00]} 15. Qxc6 {[%emt 0:00:30]} Qxc6 {[%emt 0:04:00]} 16. Nxc6 {[%emt 0:00:30]} Rae8 {[%emt 0:10:30]} 17. b4 {[%emt 0:04:30]} Re6 {[%emt 0:05:30]} 18. bxc5 {[%emt 0:00:30]} Rxc6 {[%emt 0:00:00]} 19. Be3 {[%emt 0:00:30]} Re8 {[%emt 0:04:52]} 20. f4 {[%emt 0:02:30]} f6 {[%emt 0:05:47]} 21. Bd4 {[%emt 0:01:30]} fxe5 {[%emt 0:00:10]} 22. fxe5 {[%emt 0:00:30]} Kf7 {[%emt 0:00:54]} 23. O-O+ {[%emt 0:00:30]} Ke6 {[%emt 0:01:43]} 24. Rf2 {[%emt 0:00:30]} Rb8 {[%emt 0:00:35]} 25. Kh2 {[%emt 0:01:30]} Ra6 {[%emt 0:02:48]} 26. Raf1 {[%emt 0:01:30]} Ra3 {[%emt 0:02:27]} 27. Rd1 {[%emt 0:01:30]} Ra5 {[%emt 0:05:09]} 28. h4 {[%emt 0:00:30]} h6 {[%emt 0:00:33]} 29. h5 {[%emt 0:00:30]} Be4 {[%emt 0:00:23]} 30. Rdd2 {[%emt 0:00:30]} Rab5 {[%emt 0:00:33]} 31. Kg3 {[%emt 0:01:30]} Rb1 {[%emt 0:00:20]} 32. Rf4 {[%emt 0:02:30]} c6 {[%emt 0:00:39]} 33. c4 {[%emt 0:00:30]} Rh1 {[%emt 0:00:33]} 34. cxd5+ {[%emt 0:02:30]} Bxd5 {[%emt 0:00:06]} 35. Be3 {[%emt 0:03:30]} Ke7 {[%emt 0:00:51]} 36. e6 {[%emt 0:01:30]} Bxe6 {[%emt 0:00:31]} 37. Bd4 {[%emt 0:00:00]} Rf8 {[%emt 0:00:34]} 38. Re4 {[%emt 0:00:00]} Re8 {[%emt 0:00:27]} 39. Rb2 {[%emt 0:01:30]} Rd8 {[%emt 0:00:32]} 40. Rbe2 {[%emt 0:00:00]} Kf8 {[%emt 0:00:00]} 41. Rxe6 {[%emt 0:01:00]} Rxd4 {[%emt 0:04:33]} 42. Rf2+ {[%emt 0:00:30]} 1-0

[Event "28th CRO-chT 1A-Men 2019"]
[Site "Mali Losinj"]
[Date "2019.10.03"]
[Round "6.17"]
[White "Rogulj, Branko"]
[Black "Bobanac, Miro"]
[Result "1-0"]
[WhiteElo "2394"]
[BlackElo "2257"]
[Annotator "TA"]
[PlyCount "37"]
[EventDate "2019.09.28"]
[EventType "team-tourn"]
[EventCountry "CRO"]
[SourceTitle "playchess.com"]
[Source "ChessBase"]
[SourceQuality "1"]

{[%evp 10,61,12,19,40,35,32,32,145,138,131,120,136,119,118,100,234,228,226,230,267,241,248,166,282,283,249,234,531,526,485,384,368,364,387,377,384,392,379,388,447,387,464,395,760,770,753,741,879,852,29996,504,29997,29998]} 1. e4 c5 2. Nc3 a6 3. g3 b5 4. Bg2 Bb7 5. Nge2 e6 6. O-O Nc6 {B23: Closed Sicilian: Lines without g3} 7. d4 cxd4 8. Nxd4 Nf6 {[#]} ({Black should try} 8... Nxd4 $14 9. Qxd4 Ne7) (8... Nxd4 9. Qxd4 Ne7 10. Be3 Nc6 11. Qd2 Be7 12. Rad1 d6 13. a4 b4 14. Ne2 {1-0 (47) Aronian,L (2767)-Caruana,F (2822) chess.com INT 2018}) 9. e5 $1 $16 {[%cal Re5f6][%mdl 512]} Ng8 (9... Nxe5 10. Bxb7) 10. Nxc6 Bxc6 11. Bxc6 $146 ({Predecessor:} 11. Ne4 Rc8 12. Bg5 Qc7 13. Nd6+ Bxd6 14. exd6 {1-0 (60) Smetanin,P (1807)-Shustov,D (1637) Kirov 2015}) 11... dxc6 12. Qf3 Qc7 (12... Ne7 $16) 13. Ne4 Rd8 14. Bf4 h6 15. h4 Be7 16. h5 Rd5 {[#]} (16... Qc8 $142 17. Rad1 Rd5) 17. c4 $1 $18 {[%mdl 512]} bxc4 18. Rac1 Rxe5 $2 (18... Qb7 {is a better defense.} 19. Rxc4 f5) 19. Rxc4 {Played: Qf3-c3} 1-0

[Event "28th CRO-chT 1A-Men 2019"]
[Site "Mali Losinj"]
[Date "2019.10.03"]
[Round "6.18"]
[White "Tomas, Ante"]
[Black "Brumen, Dinko"]
[Result "0-1"]
[WhiteElo "2161"]
[BlackElo "2317"]
[Annotator "NA"]
[PlyCount "86"]
[EventDate "2019.09.28"]
[EventType "team-tourn"]
[EventCountry "CRO"]
[SourceTitle "playchess.com"]
[Source "ChessBase"]
[SourceQuality "1"]
[TimeControl "40/5400+30:1800+30"]

1. e4 {[%emt 0:00:30]} e6 {[%emt 0:02:30]} 2. d3 {[%emt 0:00:30]} c5 {[%emt 0:02:30]} 3. Nd2 {[%emt 0:00:30]} Nc6 {[%emt 0:01:30]} 4. Ngf3 {[%emt 0:00:30]} Nge7 {[%emt 0:03:30]} 5. g3 {[%emt 0:00:30]} g6 {[%emt 0:00:30]} 6. Bg2 {[%emt 0:00:00]} Bg7 {[%emt 0:00:00]} 7. O-O {[%emt 0:00:00]} O-O {[%emt 0:00:00]} 8. Re1 {[%emt 0:00:30]} d6 {[%emt 0:01:30]} 9. c3 {[%emt 0:02:30]} b5 {[%emt 0:00:30]} 10. Nf1 {[%emt 0:13:30]} a5 {[%emt 0:04:30]} 11. d4 {[%emt 0:03:30]} b4 {[%emt 0:04:30]} 12. e5 {[%emt 0:11:30]} Bb7 {[%emt 0:12:30]} 13. exd6 {[%emt 0:09:30]} Qxd6 {[%emt 0:01:30]} 14. Bf4 {[%emt 0:00:30]} Qd8 {[%emt 0:05:30]} 15. Ne5 {[%emt 0:24:30]} cxd4 {[%emt 0:06:30]} 16. cxd4 {[%emt 0:00:30]} Nd5 {[%emt 0:00:30]} 17. Nxc6 {[%emt 0:05:30]} Bxc6 {[%emt 0:00:30]} 18. Be5 {[%emt 0:01:30]} Bh6 {[%emt 0:05:30]} 19. Qg4 {[%emt 0:07:42]} Re8 {[%emt 0:08:30]} 20. Qh3 {[%emt 0:06:08]} Bf8 {[%emt 0:02:30]} 21. Ne3 {[%emt 0:00:54]} Nxe3 {[%emt 0:07:30]} 22. Bxc6 {[%emt 0:01:50]} Nc2 {[%emt 0:00:30]} 23. Bxe8 {[%emt 0:01:48]} Qxe8 {[%emt 0:07:30]} 24. Qh4 {[%emt 0:01:30]} Be7 {[%emt 0:03:15]} 25. Qh6 {[%emt 0:00:43]} f6 {[%emt 0:00:47]} 26. Bf4 {[%emt 0:00:57]} Nxd4 {[%emt 0:03:14]} 27. Qh3 {[%emt 0:02:10]} e5 {[%emt 0:05:56]} 28. Qg2 {[%emt 0:01:55]} Rd8 {[%emt 0:01:50]} 29. Qe4 {[%emt 0:02:14]} f5 {[%emt 0:03:05]} 30. Qe3 {[%emt 0:00:02]} exf4 {[%emt 0:01:26]} 31. Qxe7 {[%emt 0:00:43]} Nf3+ {[%emt 0:00:14]} 32. Kf1 {[%emt 0:00:44]} Nxe1 {[%emt 0:01:38]} 33. Rxe1 {[%emt 0:00:25]} Qxe7 {[%emt 0:00:54]} 34. Rxe7 {[%emt 0:00:01]} Rd2 {[%emt 0:01:21]} 35. Ra7 {[%emt 0:01:11]} f3 {[%emt 0:00:51]} 36. Ke1 {[%emt 0:00:30]} Re2+ {[%emt 0:00:20]} 37. Kd1 {[%emt 0:00:31]} Rxb2 {[%emt 0:00:34]} 38. Rxa5 {[%emt 0:00:07]} Rxf2 {[%emt 0:00:10]} 39. Ra4 {[%emt 0:00:33]} Rb2 {[%emt 0:00:19]} 40. Ke1 {[%emt 0:00:00]} Kg7 {[%emt 0:00:00]} 41. a3 {[%emt 0:00:52]} b3 {[%emt 0:05:06]} 42. Rb4 {[%emt 0:01:30]} Rb1+ {[%emt 0:01:30]} 43. Kf2 {[%emt 0:01:30]} b2 {[%emt 0:00:00]} 0-1

[Event "28th CRO-chT 1A-Men 2019"]
[Site "Mali Losinj"]
[Date "2019.10.03"]
[Round "6.19"]
[White "Georgiev, Kiril"]
[Black "Ponkratov, Pavel"]
[Result "1/2-1/2"]
[WhiteElo "2577"]
[BlackElo "2621"]
[Annotator "TA"]
[PlyCount "87"]
[EventDate "2019.09.28"]
[EventType "team-tourn"]
[EventCountry "CRO"]
[SourceTitle "playchess.com"]
[Source "ChessBase"]
[SourceQuality "1"]

{[%evp 16,87,0,0,11,12,13,14,11,11,11,10,14,0,0,0,0,5,8,0,2,0,17,14,17,0,0,-16,20,19,39,18,6,-4,0,0,0,0,2,0,0,0,7,0,0,0,10,3,4,4,38,9,11,0,0,0,7,0,12,13,12,0,0,0,0,0,8,8,6,0,0,0,101,48]} 1. d4 Nf6 2. Nf3 e6 3. g3 b5 4. Bg2 Bb7 5. O-O c5 6. c3 Na6 7. Bg5 Be7 8. Nbd2 O-O 9. e3 h6 {A46: 1 d4 Nf6 2 Nf3 e6: Torre, London and Colle Systems} 10. Bxf6 Bxf6 11. Qe2 cxd4 {The position is equal.} (11... Qb6 12. a4 b4 13. a5 Qc7 14. Rfc1 bxc3 15. bxc3 Rfc8 16. Ne1 Bxg2 17. Kxg2 {1-0 (55) Georgiev,K (2623)-Fedorchuk,S (2648) Riadh 2017}) 12. cxd4 Qb6 13. Rfc1 {[#]} Rfc8 $146 ({Predecessor:} 13... Rac8 14. Ne1 Bxg2 15. Kxg2 e5 16. dxe5 Bxe5 {0-1 (37) Hansen,C (2500)-Chandler,M (2525) Naestved 1985}) 14. Ne1 Bxg2 15. Kxg2 Nb4 16. a3 Nc6 {[%cal Bb4c6,Bc6a5,Ba5c4][%mdl 32]} 17. Ne4 Be7 18. Nd3 Rc7 19. d5 Na5 20. Rxc7 Qxc7 21. Rd1 Re8 22. Qh5 {[#] Hoping for Ne5.} Nc4 23. dxe6 dxe6 24. b3 $132 {[%mdl 2048] White is not holding back} Nd6 25. Nec5 Rd8 26. Qf3 Nf5 27. Rc1 {Nxe6! is the strong threat.} Bxc5 28. Nxc5 Qe5 29. e4 Nd6 30. Qd3 Qb2 31. Qc3 Qxc3 32. Rxc3 $11 {[%mdl 4096] Endgame KRN-KRN} Kf8 33. f4 Ke7 34. e5 Nf5 35. Ne4 Rd4 36. Kf3 Kd7 37. Nc5+ Kd8 38. g4 Ne7 39. Rd3 Rxd3+ 40. Nxd3 Kd7 41. Ke4 g6 42. h3 a5 43. b4 a4 {[#]} (43... axb4 $11 44. Nxb4 (44. axb4 Kc6 $11) 44... Kc7) 44. Nc1 $1 {Accuracy: White = 48%, Black = 61%.} 1/2-1/2

[Event "28th CRO-chT 1A-Men 2019"]
[Site "Mali Losinj"]
[Date "2019.10.03"]
[Round "6.20"]
[White "Martinovic, Sasa"]
[Black "Shchekachev, Andrei"]
[Result "1/2-1/2"]
[WhiteElo "2539"]
[BlackElo "2524"]
[Annotator "TA"]
[PlyCount "57"]
[EventDate "2019.09.28"]
[EventType "team-tourn"]
[EventCountry "CRO"]
[SourceTitle "playchess.com"]
[Source "ChessBase"]
[SourceQuality "1"]

{[%evp 12,57,0,7,7,4,19,12,21,15,26,18,21,21,22,16,26,4,4,4,10,8,14,12,10,2,19,16,16,13,12,0,2,0,11,0,10,0,13,0,12,0,11,0,0,-10,-15,-19]} 1. d4 Nf6 2. c4 e6 3. Nf3 b6 4. e3 Bb7 5. Nc3 Bb4 6. Bd2 Bxc3 7. Bxc3 Ne4 {E21: Nimzo-Indian: 4 Nf3} 8. Rc1 d6 9. Bd3 Nxc3 10. Rxc3 Nd7 11. e4 O-O 12. O-O Qe7 13. Re1 $146 ({Predecessor:} 13. Bc2 c5 14. d5 e5 15. a3 {½-½ (41) Li,C (2746)-Tomashevsky,E (2731) Moscow 2016}) 13... e5 14. d5 a5 {The position is equal.} 15. Bc2 Nc5 16. b3 {[%cal Bb2b3,Bb3b4][%mdl 32]} Bc8 17. a3 Bd7 18. Qb1 Ra7 19. b4 Nb7 20. Qb2 Rfa8 21. Bb1 g6 22. h3 f6 23. Ree3 Kh8 24. Kh2 Qg7 25. Ne1 Rf8 26. Rg3 Qh6 27. Nd3 f5 {[#] Hoping for ...f4.} 28. exf5 Bxf5 29. Qe2 {Accuracy: White = 49%, Black = 55%.} 1/2-1/2

[Event "28th CRO-chT 1A-Men 2019"]
[Site "Mali Losinj"]
[Date "2019.10.03"]
[Round "6.21"]
[White "Muse, Drazen"]
[Black "Cvitan, Ognjen"]
[Result "0-1"]
[WhiteElo "2357"]
[BlackElo "2490"]
[Annotator "TA"]
[PlyCount "58"]
[EventDate "2019.09.28"]
[EventType "team-tourn"]
[EventCountry "CRO"]
[SourceTitle "playchess.com"]
[Source "ChessBase"]
[SourceQuality "1"]

{[%evp 10,58,16,2,3,12,2,-23,-6,-16,-16,-16,-20,-29,-14,-13,-12,-6,-13,-6,-6,-10,-10,-8,-9,0,0,-14,9,9,21,15,18,15,43,0,0,0,27,8,207,13,15,0,0,-11,74,-58,-54,-351,-374]} 1. Nf3 Nf6 2. b3 g6 3. Bb2 Bg7 4. g3 d6 5. d4 c5 6. dxc5 Qa5+ {A49: 1 d4 Nf6 2 Nf3 g6 3 g3: Anti-King's Indian systems} 7. Nbd2 Qxc5 {Strongly threatening ...Ng4!} 8. a3 Bf5 {Hoping for ...Ng4!Black has an edge.} 9. Nd4 Nc6 10. Nxf5 Qxf5 11. Nf3 Qa5+ $146 ({Predecessor:} 11... O-O 12. Bg2 d5 13. O-O e5 14. e3 {1-0 (48) Nurmi,P (2240)-Kochyev,A (2555) Mexico City 1978}) 12. Qd2 Qb6 {White must now prevent ...Ne4.} 13. Qd3 O-O 14. e3 d5 15. Bg2 Rac8 16. O-O Rfd8 17. Rab1 e6 18. Rfc1 Ne8 19. Bxg7 Nxg7 20. c4 Qa6 21. a4 Nf5 22. Bf1 dxc4 23. Qxc4 Qb6 24. Qf4 Nb4 $2 (24... Qc7 $11 {and Black has nothing to worry.}) 25. Rxc8 $2 ({Only move:} 25. e4 $18) 25... Rxc8 $11 26. e4 Nd4 $1 27. Ng5 Rc7 {[#]} (27... Qc7 $11 {keeps the balance.}) 28. Rc1 (28. Rd1 $1 $16 {[%cal Rd1d4] Rxd4! is the strong threat.} Nbc6 29. e5) 28... e5 $1 $15 {[%cal Re5f4]} 29. Qe3 $2 {[%mdl 8192] [#]} ({White should try} 29. Qxe5 $15 Nf3+ 30. Nxf3 Rxc1 31. Kg2 (31. Qe8+ Kg7 $17)) 29... Ne2+ $1 {[%mdl 512] Accuracy: White = 29%, Black = 37%.} 0-1

[Event "28th CRO-chT 1A-Men 2019"]
[Site "Mali Losinj"]
[Date "2019.10.03"]
[Round "6.22"]
[White "Kurajica, Bojan"]
[Black "Zovko, Mario"]
[Result "1-0"]
[WhiteElo "2494"]
[BlackElo "2324"]
[Annotator "TA"]
[PlyCount "133"]
[EventDate "2019.09.28"]
[EventType "team-tourn"]
[EventCountry "CRO"]
[SourceTitle "playchess.com"]
[Source "ChessBase"]
[SourceQuality "1"]

{[%evp 20,133,50,50,52,43,60,37,37,38,52,38,50,64,65,44,82,93,118,114,116,104,139,125,130,123,119,113,135,110,200,102,117,110,110,107,115,109,166,114,131,111,112,112,141,140,220,224,235,182,191,191,198,185,203,176,189,187,186,120,120,120,120,120,158,113,129,109,158,120,120,120,178,189,168,132,141,146,183,180,177,187,248,258,277,277,251,218,218,218,248,248,248,249,637,248,232,218,5599,4956,29982,29983,29983,29966,29948,12370,12813,12785,29987,29988,29990,29991,29991,29992,29995,29996]} 1. Nf3 d5 2. d4 c5 3. c4 dxc4 4. e3 e6 5. Bxc4 Nf6 6. O-O a6 7. b3 b5 8. Be2 Bb7 9. Bb2 Nbd7 10. a4 bxa4 11. Rxa4 Nb6 $146 {D27: Queen's Gambit Accepted: Classical main line: 7 e4!? and 7 a4} ({Predecessor:} 11... Be7 12. Nbd2 O-O 13. Qa1 Nb6 14. Ra5 cxd4 15. Bxd4 Nbd5 16. Nc4 Nb4 17. Bc3 Bd5 18. Nfd2 Qc7 19. e4 Nxe4 20. Nxe4 Bxe4 21. Bxg7 {1-0 (30) Mamedyarov,S (2791)-Nisipeanu,L (2672) Antalya 2017}) 12. Ra1 Be7 13. dxc5 Qxd1 $1 {White is slightly better.} 14. Rxd1 Bxc5 15. Rc1 Bd6 16. Bd4 Nbd7 17. Nbd2 Ke7 18. Nc4 Rhc8 19. Nxd6 Kxd6 20. Rxc8 (20. Nd2 {with more complications.} Rxc1+ 21. Rxc1 Ke7 22. f3 a5 23. Nc4) 20... Bxc8 21. Bb2 Ke7 22. Nd2 Bb7 23. Ba3+ Kd8 24. Nc4 Ne4 (24... Ne8 $16 25. Na5 Bd5) 25. Rc1 ({Better is} 25. f3 $18 Nc3 26. Bd3) 25... f5 26. Na5 Bd5 27. f3 Nef6 28. Kf2 Nb8 (28... Ne5 $16 {was called for.} 29. h3 h5) 29. Bd3 (29. g4 $18) 29... Nbd7 $16 30. h3 $36 {[%mdl 2048] White is on the roll.} Ne5 31. Be2 Kd7 32. g4 h6 (32... Rb8 $16 {might work better.} 33. Rd1 Kc7) 33. Bb2 $18 Nc6 34. Nb7 Nb4 35. Nc5+ Ke7 {[#]} 36. e4 $1 {[%mdl 512]} fxe4 37. fxe4 Nxe4+ 38. Nxe4 Bxe4 39. Bxg7 (39. Rc7+ $1 $18 Ke8 40. Bxg7) 39... Nd3+ $16 40. Bxd3 $1 Bxd3 41. Bxh6 {[%mdl 4096] Endgame KRB-KRB} e5 42. Ke3 Bg6 43. Rc6 Bf7 44. Rc7+ Ke6 45. Bg5 {And now Re7+ would win.} Bg6 (45... Bg8 $16 {keeps fighting.}) 46. Rc6+ $18 Kf7 47. h4 Rb8 48. Rc3 Rb4 49. h5 $1 Bb1 {[#]} 50. Kf3 $1 Be4+ {[#]} (50... Bd3 $142 51. Bd2 Rd4) 51. Kg3 $1 Bd5 52. Rc7+ Kg8 {intending ...Be6.} 53. h6 {White threatens h7+ and mate.} Rxb3+ 54. Kh4 {Intending h7+ and mate.} Rb6 55. Rg7+ Kh8 56. Rd7 Bb3 $2 (56... Be4 57. Re7 Bc2) 57. Bd2 $2 (57. Kh5) 57... Rc6 58. g5 Bd1 $2 {[#]} (58... Bc2 59. Re7 Kg8 60. Rg7+ (60. Rxe5 Kf7 $18) 60... Kh8) 59. Bf4 $1 {[%mdl 512]} exf4 60. Rxd1 {KR-KR} Rc8 61. Kg4 a5 62. Rd4 Ra8 63. Ra4 Kh7 64. Kh5 {White mates.} f3 65. g6+ Kg8 66. Rf4 a4 67. h7+ {Accuracy: White = 71%, Black = 33%.} 1-0

[Event "28th CRO-chT 1A-Men 2019"]
[Site "Mali Losinj"]
[Date "2019.10.03"]
[Round "6.23"]
[White "Sindik, Ervin"]
[Black "Rogic, Davor"]
[Result "1/2-1/2"]
[WhiteElo "2283"]
[BlackElo "2492"]
[Annotator "RC"]
[PlyCount "57"]
[EventDate "2019.09.28"]
[EventType "team-tourn"]
[EventCountry "CRO"]
[SourceTitle "playchess.com"]
[Source "ChessBase"]
[SourceQuality "1"]
[TimeControl "40/5400+30:1800+30"]

1. e4 {[%emt 0:00:00]} e5 {[%emt 0:01:30]} 2. Nf3 {[%emt 0:00:00]} Nc6 {[%emt 0:00:30]} 3. Bb5 {[%emt 0:00:30]} a6 {[%emt 0:00:30]} 4. Ba4 {[%emt 0:00:30]} Nf6 {[%emt 0:00:30]} 5. O-O {[%emt 0:00:00]} Be7 {[%emt 0:00:00]} 6. Re1 {[%emt 0:00:00]} b5 {[%emt 0:00:00]} 7. Bb3 {[%emt 0:00:00]} d6 {[%emt 0:00:30]} 8. c3 {[%emt 0:00:00]} O-O {[%emt 0:00:00]} 9. h3 {[%emt 0:00:30]} Nb8 {[%emt 0:00:00]} 10. d4 {[%emt 0:00:30]} Nbd7 {[%emt 0:00:30]} 11. c4 {[%emt 0:01:30]} c6 {[%emt 0:01:30]} 12. Nc3 {[%emt 0:00:30]} Bb7 {[%emt 0:00:30]} 13. a3 {[%emt 0:01:30]} h6 {[%emt 0:06:30]} 14. Ba2 {[%emt 0:03:30]} Qc7 {[%emt 0:03:30]} 15. Qc2 {[%emt 0:03:30]} a5 {[%emt 0:06:30]} 16. cxb5 {[%emt 0:04:30]} cxb5 {[%emt 0:02:30]} 17. Qb3 {[%emt 0:01:30]} b4 {[%emt 0:15:30]} 18. axb4 {[%emt 0:03:30]} axb4 {[%emt 0:00:30]} 19. Qxb4 {[%emt 0:02:30]} Nxe4 {[%emt 0:12:30]} 20. Nxe4 {[%emt 0:08:30]} Bxe4 {[%emt 0:03:30]} 21. Rxe4 {[%emt 0:10:30]} d5 {[%emt 0:01:30]} 22. Qxe7 {[%emt 0:02:30]} Rxa2 {[%emt 0:00:30]} 23. Rxa2 {[%emt 0:04:30]} dxe4 {[%emt 0:00:30]} 24. Bxh6 {[%emt 0:05:30]} gxh6 {[%emt 0:04:30]} 25. Nxe5 {[%emt 0:01:30]} Qc1+ {[%emt 0:00:00]} 26. Kh2 {[%emt 0:00:00]} Qf4+ {[%emt 0:00:00]} 27. Kg1 {[%emt 0:00:00]} Qc1+ {[%emt 0:01:30]} 28. Kh2 {[%emt 0:00:30]} Qf4+ {[%emt 0:00:30]} 29. Kg1 {[%emt 0:00:30]} 1/2-1/2

[Event "28th CRO-chT 1A-Men 2019"]
[Site "Mali Losinj"]
[Date "2019.10.03"]
[Round "6.24"]
[White "Muse, Mladen"]
[Black "Jukic, Zdenko"]
[Result "1/2-1/2"]
[WhiteElo "2387"]
[BlackElo "2305"]
[Annotator "NA"]
[PlyCount "87"]
[EventDate "2019.09.28"]
[EventType "team-tourn"]
[EventCountry "CRO"]
[SourceTitle "playchess.com"]
[Source "ChessBase"]
[SourceQuality "1"]
[TimeControl "40/5400+30:1800+30"]

1. Nf3 {[%emt 0:00:30]} d5 {[%emt 0:00:30]} 2. g3 {[%emt 0:00:30]} Bf5 {[%emt 0:00:00]} 3. Bg2 {[%emt 0:00:30]} Nc6 {[%emt 0:00:00]} 4. d4 {[%emt 0:11:30]} Qd7 {[%emt 0:08:30]} 5. O-O {[%emt 0:09:30]} O-O-O {[%emt 0:02:30]} 6. c3 {[%emt 0:08:30]} f6 {[%emt 0:04:30]} 7. b4 {[%emt 0:01:30]} g5 {[%emt 0:13:30]} 8. Nbd2 {[%emt 0:06:30]} h5 {[%emt 0:07:30]} 9. h4 {[%emt 0:09:30]} g4 {[%emt 0:09:30]} 10. Ne1 {[%emt 0:02:30]} e5 {[%emt 0:00:00]} 11. Nb3 {[%emt 0:11:30]} Nge7 {[%emt 0:22:00]} 12. Nc5 {[%emt 0:05:30]} Qe8 {[%emt 0:00:00]} 13. Qa4 {[%emt 0:05:30]} a6 {[%emt 0:00:00]} 14. b5 {[%emt 0:03:30]} Nb8 {[%emt 0:00:00]} 15. c4 {[%emt 0:09:21]} axb5 {[%emt 0:05:00]} 16. Qa8 {[%emt 0:02:25]} Qc6 {[%emt 0:00:30]} 17. cxd5 {[%emt 0:02:50]} Nxd5 {[%emt 0:00:00]} 18. e4 {[%emt 0:03:12]} exd4 {[%emt 0:00:00]} 19. Nb3 {[%emt 0:01:51]} Nb6 {[%emt 0:00:30]} 20. Qa7 {[%emt 0:01:32]} Bxe4 {[%emt 0:00:30]} 21. Na5 {[%emt 0:01:13]} Bxg2 {[%emt 0:01:30]} 22. Nxg2 {[%emt 0:00:43]} Qd5 {[%emt 0:00:30]} 23. Nf4 {[%emt 0:00:25]} Qe4 {[%emt 0:00:30]} 24. Bd2 {[%emt 0:00:49]} Nc4 {[%emt 0:00:30]} 25. Rfe1 {[%emt 0:00:22]} Qf3 {[%emt 0:00:30]} 26. Ne6 {[%emt 0:00:31]} Bd6 {[%emt 0:01:30]} 27. Nxc4 {[%emt 0:00:45]} bxc4 {[%emt 0:00:30]} 28. Nxd8 {[%emt 0:00:28]} Rxd8 {[%emt 0:00:30]} 29. Qxd4 {[%emt 0:00:21]} Be5 {[%emt 0:00:30]} 30. Qxc4 {[%emt 0:00:15]} Rxd2 {[%emt 0:00:30]} 31. Qe6+ {[%emt 0:00:19]} Kd8 {[%emt 0:00:30]} 32. Qg8+ {[%emt 0:00:34]} Ke7 {[%emt 0:00:30]} 33. Rxe5+ {[%emt 0:00:14]} fxe5 {[%emt 0:00:30]} 34. Qg5+ {[%emt 0:00:00]} Ke6 {[%emt 0:00:30]} 35. Qxd2 {[%emt 0:00:17]} Nc6 {[%emt 0:00:00]} 36. Re1 {[%emt 0:00:07]} Qf7 {[%emt 0:03:00]} 37. Qb2 {[%emt 0:00:57]} Kf6 {[%emt 0:00:30]} 38. Qxb7 {[%emt 0:00:29]} Nd4 {[%emt 0:00:00]} 39. Qa6+ {[%emt 0:00:15]} c6 {[%emt 0:00:00]} 40. Re3 {[%emt 0:00:00]} Qd5 {[%emt 0:00:00]} 41. Qd3 {[%emt 0:08:15]} Qxa2 {[%emt 0:01:00]} 42. Qh7 {[%emt 0:02:30]} Nf3+ {[%emt 0:00:00]} 43. Rxf3+ {[%emt 0:04:20]} gxf3 {[%emt 0:00:00]} 44. Qh6+ {[%emt 0:01:32]} 1/2-1/2

[Event "28th CRO-chT 1A-Men 2019"]
[Site "Mali Losinj"]
[Date "2019.10.03"]
[Round "6.25"]
[White "Indjic, Aleksandar"]
[Black "Grachev, Boris"]
[Result "1-0"]
[WhiteElo "2638"]
[BlackElo "2621"]
[Annotator "TA"]
[PlyCount "89"]
[EventDate "2019.09.28"]
[EventType "team-tourn"]
[EventCountry "CRO"]
[SourceTitle "playchess.com"]
[Source "ChessBase"]
[SourceQuality "1"]

{[%evp 9,89,20,14,8,59,49,55,52,58,66,106,112,97,105,111,94,103,117,92,63,81,74,90,70,69,62,66,68,100,75,75,66,75,57,78,56,65,63,67,33,40,34,30,30,30,31,30,30,52,39,43,3,16,8,12,0,12,13,47,35,232,220,271,271,273,281,281,273,536,527,507,480,1934,1621,1621,1294,29987,29988,29992,29993,29993,29994]} 1. e4 c5 2. Nc3 a6 3. g3 b5 4. Bg2 Bb7 5. Nh3 (5. d3 e6 6. Nh3 d6 7. O-O b4 8. Ne2 Nf6 9. f4 Nbd7 10. Nf2 h5 11. h3 Qc7 12. a3 a5 13. c3 bxc3 14. bxc3 {0-1 (61) Predke,A (2632)-Fedorchuk,S (2633) Riga 2019}) 5... e6 6. O-O {B23: Closed Sicilian: Lines without g3} b4 (6... d6 $11) 7. Na4 $14 Nf6 8. Re1 $146 {White is slightly better.} ({Predecessor:} 8. d3 d6 9. f4 Be7 10. c3 a5 11. Nf2 Qc7 12. d4 Nbd7 {½-½ (65) Kadric,D (2515)-Tsolakidou,S (2365) Kavala 2017}) 8... e5 9. c3 c4 10. b3 bxc3 11. Nxc3 Bc5 12. bxc4 O-O 13. Rb1 Bc8 14. Na4 {[#] Bb2 is the strong threat.} Bd4 15. Ng5 {And now Nf3 would win.} d6 16. Nf3 Bg4 17. Qc2 Bxf3 18. Bxf3 Nfd7 19. Bg4 Nc6 20. d3 Nc5 21. Nxc5 Bxc5 22. Qa4 Nd4 23. Be3 Rb8 24. Kg2 Rb6 25. h4 (25. Bxd4 {seems wilder.} Bxd4 26. Rf1 Qc7 27. Qa5 Rfb8 28. Rb3) 25... Qb8 26. Rxb6 Qxb6 27. h5 h6 28. Rf1 Nc6 29. Bc1 $36 {[%mdl 2048] White has good play.} Rb8 30. f4 Qb7 31. Kh3 a5 32. Bf5 Qc7 33. Bd2 Bb4 34. Rb1 {[#] Hoping for a3.} g6 $2 (34... Rf8 $14 35. Bc1 (35. Rxb4 axb4 36. Be3 Qb7 $17) 35... Bc5) 35. hxg6 $18 Bxd2 36. Rxb8+ Nxb8 37. Qe8+ Kg7 38. fxe5 Bb4 $2 (38... dxe5 39. gxf7 {[%mdl 64] Overworked Piece} Qxf7 40. Qxe5+ (40. Qxb8 Qh5+ 41. Kg2 Qe2+ {[%mdl 64] Double Attack} 42. Kh3 Qh5+ 43. Kg2 Qe2+ {[%mdl 64] Double Attack} 44. Kh3 Qh5+ $11) 40... Qf6 41. Qc7+ Qf7 42. Qe5+ (42. Qxb8 Qh5+ 43. Kg2 Qe2+ {[%mdl 64] Double Attack} 44. Kh1 Qf1+ 45. Kh2 Qe2+ 46. Kh3 Qh5+ 47. Kg2 Qe2+ {[%mdl 64] Double Attack} 48. Kh3 Qh5+ $11) 42... Qf6 43. Qxb8 Bb4 44. Qa7+ Be7) 39. e6 fxe6 40. Bxe6 d5 (40... Bc3 $142 41. Kg2 Nc6) 41. Qg8+ Kf6 42. Qh8+ Kxg6 43. e5 {White mates.} Qg7 44. Qe8+ Kg5 45. Bg4 {Accuracy: White = 71%, Black = 40%.} 1-0